000 00701cam a22002291 4500
001 he 68000312
003 DLC
005 20260227111453.0
008 851115s1967 is ah 000 0 heb
010 _ahe 68000312
025 _aPL480:Is-6264
035 _a(OCoLC)12799830
040 _aDLC
_cCoDU
_dCoDU
_dDLC
043 _aa-is---
050 0 0 _aDS103
_b.I39
100 1 _aIlan, Zvi,
_d1936-
245 1 0 _aḤen ha-makom;
_bsipurehem shel atare ṭiyul bi-Yiśraʼel
_c[me-et] Tsevi Ilan. [ʻArikhah: Yeshʻayahu Avrekh.]
260 _a[Tel-Aviv]
_bTarbut ṿe-Ḥinukh
_c[1967]
300 _a344 p.
_billus., facsims.
_c22 cm.
651 0 _aIsrael
_vGuidebooks.
700 1 _aAvrech, Isaiah,
_eed.
999 _c32883
_d32883